AU LIBRARIES
Centralized Library System Across Seven Campuses

Economics Survey 1997-98 (Record no. 47221)

MARC details
000 -LEADER
fixed length control field 00375nam a22001457a 4500
005 - DATE AND TIME OF LATEST TRANSACTION
control field 20260407110721.0
008 - FIXED-LENGTH DATA ELEMENTS--GENERAL INFORMATION
fixed length control field 260407b |||||||| |||| 00| 0 eng d
082 ## - DEWEY DECIMAL CLASSIFICATION NUMBER
Classification number 330.954
Author Mark ACO-G
100 ## - MAIN ENTRY--AUTHOR
Author Name Government of Pakistan
245 ## - TITLE STATEMENT
Title Economics Survey 1997-98
260 ## - PUBLICATION, DISTRIBUTION, ETC.
Place of Publication Pakistan
Name of publisher, distributor, etc. Pakistan
Date of publication, distribution, etc. 1998
300 ## - PHYSICAL DESCRIPTION
Pages XXiii, 250 p.
650 ## - SUBJECT ADDED ENTRY--TOPICAL TERM
Subject / Department Management Science
942 ## - ADDED ENTRY ELEMENTS (KOHA)
Koha item type Book
Holdings
Withdrawn status Lost status Damaged status Not for loan Collection code Permanent Location Current Location Shelving Location Date acquired Source of acquisition Total Checkouts Full Call Number Accession No./Barcode Date last seen Koha item type
        Management Science Air University H-11 Campus Islamabad Air University H-11 Campus Islamabad Economics 04/07/2026 Gifted By Dr. Salman Hasan   330.954 ACO-G AUHEG0010 04/07/2026 Book
Air University Sector E-9, Islamabad Pakistan
Email: librarian@au.edu.pk  Tel : +0092 51 9262612 Ext: 631